| 000 | 00388cam a2200145ua 4500 | ||
|---|---|---|---|
| 020 | _a0-04-581017 | ||
| 082 |
_a631.52 _bHOL/CR |
||
| 100 |
_aHolden, V.H.W . _91539 |
||
| 245 | _aCrop Genetic Resources : Conservation and Evaluation / | ||
| 250 | _a1 / | ||
| 260 |
_aLondon : _bGeorge Allen & Unwin Ltd , _c1984. |
||
| 300 | _a296 ; . | ||
| 700 | 1 |
_aWilliams, J.T . _91540 |
|
| 942 | _cBK | ||
| 999 |
_c1944 _d1944 |
||